=LDR 00000nam 2200000 4500 =001 000315 =005 20250710021313 =035 ##$$a 0010-0725000168 =007 ta =008 250710################a##########0#ind## =020 ##$$a 978-623-307-289-2 =082 ##$$a 398.209 598 =084 ##$$a 398.209 598 HE, b =100 #$$a He, Becky =245 1#$$a Bersama Kucing /$c Becky He =250 ##$$a Cetakan Pertama =260 ##$$a Jakarta Timur :$b Badan Pengembangan dan Pembinaan Bahasa,$c 2022 =300 ##$$a 20 hlm : $b ilus. ; $c 21 cm =650 #4$$a Literasi-Bahan Bacaan =600 #4$$a Cerita anak Indonesia - Terjemahan =856 ##$$a TBM AS SUHADA =990 ##$$a TBM00150015